Movies Quiz

Random Movies or Celebrity Quiz

Tom Hanks or Harrison Ford Quiz Stats

 Plays Quiz Updated May 6, 2018

Challenge
Share
Tweet
Embed
Score 0/24 Timer 05:00
17 Plays Today
Question Answer Wrong Answers
Cast Away ???
95.6%
???
1.8%
The Green Mile ???
94.9%
???
2.5%
Blade Runner ???
94.1%
???
3.3%
Captain Phillips ???
93.7%
???
3.6%
Sully ???
93.2%
???
4.2%
The Fugitive ???
91.8%
???
5.6%
Saving Mr. Banks ???
91.2%
???
6.2%
Air Force One ???
91%
???
6.3%
The Terminal ???
88.4%
???
9%
Charlie Wilson's War ???
88%
???
9.5%
Witness ???
87%
???
10.4%
Apocalypse Now ???
84.6%
???
12.7%
American Graffiti ???
84.3%
???
13%
What Lies Beneath ???
81.4%
???
16.1%
The Mosquito Coast ???
79.5%
???
17.9%
Bridge of Spies ???
79%
???
18.4%
Regarding Henry ???
78.9%
???
18.4%
Frantic ???
78.7%
???
18.7%
Cloud Atlas ???
77.3%
???
20.1%
Extremely Loud & Incredibly Close ???
75.9%
???
21.6%
Working Girl ???
75.6%
???
21.9%
The Ladykillers ???
72.9%
???
24.5%
The Bonfire of the Vanities ???
62.8%
???
34.6%
The Conversation ???
60.8%
???
36.6%

You're not logged in!

Compare scores with friends on all Sporcle quizzes.
Join for Free
OR
Log In

You Might Also Like...

Show Comments

Extras

Top Quizzes Today


Score Distribution

Your Account Isn't Verified!

In order to create a playlist on Sporcle, you need to verify the email address you used during registration. Go to your Sporcle Settings to finish the process.

Report this User

Report this user for behavior that violates our Community Guidelines.

Details: